English maritime writing: Hakluyt to cook / (Record no. 334267)
[ view plain ]
| 000 -LEADER | |
|---|---|
| fixed length control field | 00408cam a2200157ua 4500 |
| 041 ## - LANGUAGE CODE | |
| Language code of text/sound track or separate title | eng |
| Language code of original | |
| 082 ## - DEWEY DECIMAL CLASSIFICATION NUMBER | |
| Classification number | 828.09 |
| Item number | WAR/EN |
| 100 ## - MAIN ENTRY--PERSONAL NAME | |
| Personal name | Warner, Oliver . |
| 245 ## - TITLE STATEMENT | |
| Title | English maritime writing: Hakluyt to cook / |
| Statement of responsibility, etc. | Oliver Warner. |
| Medium | Textual Documents |
| 250 ## - EDITION STATEMENT | |
| Edition statement | 1 / |
| Remainder of edition statement | . |
| 260 ## - PUBLICATION, DISTRIBUTION, ETC. (IMPRINT) | |
| Place of publication, distribution, etc. | London : |
| Name of publisher, distributor, etc. | Longman Green and Co , |
| Date of publication, distribution, etc. | 1958. |
| 300 ## - PHYSICAL DESCRIPTION | |
| Extent | 35 ; . |
| 504 ## - BIBLIOGRAPHY, ETC. NOTE | |
| Bibliography, etc | |
| 942 ## - ADDED ENTRY ELEMENTS (KOHA) | |
| Koha item type | Books (General) |
No items available.
